عرض عادي
عرض مارك
- المكتبات الإلكترونية.
مدخل مصطلح موضوعي
001 - رقم الضبط
- حقل الضبط: 87026
003 - معرف رقم الضبط
- حقل الضبط: OSt
005 - تاريخ ووقت أخر عملية
- حقل الضبط: 20200926162312.0
008 - عناصر بيانات ثابتة الطول
- حقل تحكم ثابت الطول: 200926|| aca||aabn | a|a d
040 ## - مصدر الفهرسة
- هيئة الفهرسة الأصلية: OSt
- وكالة الكتابة: OSt
150 ## - مدخل-- مصطلح تاريخي
- عنصر مدخل المصطلح الموضوعي او الاسم الجغرافي: المكتبات الإلكترونية.
670 ## - بيانات المصدر موجوده
- الاستشهاد بالمصدر: Work cat.: (OSt): المصري، ايهاب عيسى. 87025, المكتبة الرقمية والمستودعات الرقمية : , 2020.
